LEADER 01178nam a2200289 i 4500 001 000000160684 003 CaOOAMICUS 005 20070427000000.0 008 070427s1992 it u000 u ita u 013 $a138047 020 $a88-211-6809-3 040 $aSeMil$bita 100 1 $aSanders, Ed Parish <1937->.$0(OLS)http://semarc/name/15915 245 10$aGesù e il giudaismo /$cE. P. Sanders ; prefazione di Piero Stefani. 260 $aGenova :$bMarietti,$c1992. 300 $aXI, 494 p. ;$c21 cm. 490 0 $aDabar. Studi biblici e giudaistici 500 $aContiene : Bibliografia. 600 04$aGesù Cristo.$0(OLS)http://semarc/subject/712 700 1 $aStefani, Piero,$d<1949- >.$0(OLS)http://semarc/name/3241 830 0$aDabar. Studi biblici e giudaistici.$0(OLS)http://semarc/title/6115 850 $aSeMil 852 $aSeMil$W1$xVenegono$y1$m2V II 126$j112138$B112138$CSeMilBibl$Z2$F122770 $81 961 $aLascito: Chierichetti mons. Giovanni 996 $6020$a88-211-6809-3$9(OLS)http://semarc/number/76582 996 $6245$aGesù e il giudaismo$9(OLS)http://semarc/title/143451 996 $6260$aGenova :$bMarietti$9(OLS)http://semarc/publisher/29997 LEADER 00972nam a2200205 i 4500 001 000000013874 003 CaOOAMICUS 005 20250507151558.0 008 180830s1966 it u000 u ita u 040 $aSeMil$bita 245 10$aPapiri milanesi /$ca cura di Sergio Daris. 260 $aMilano :$bVita e Pensiero,$c1966-1967. 300 $a2 v. ;$c24 cm. 650 4$aPapirologia.$0(OLS)http://semarc/subject/3174 700 1 $aDaris, Sergio.$0(OLS)http://semarc/name/6565 774 0 $t(P. Med.) 1. nn. 1-12.$kPubblicazioni dell'Università cattolica del Sacro Cuore. Ser. 3., Pubblicazioni di «Aegyptus». Contributi$g[1$w()40955 774 0 $t(P. Med.) 1. nn. 13-87.$kPubblicazioni dell'Università cattolica del Sacro Cuore. Ser. 3., Pubblicazioni di «Aegyptus». Contributi$g[2$w()141266 996 $6245$aPapiri milanesi$9(OLS)http://semarc/title/18454 996 $6260$aMilano :$bVita e Pensiero$9(OLS)http://semarc/publisher/29642